<?xml version="1.0" encoding="UTF-8"?>
<record
    xmlns:xsi="http://www.w3.org/2001/XMLSchema-instance"
    xsi:schemaLocation="http://www.loc.gov/MARC21/slim http://www.loc.gov/standards/marcxml/schema/MARC21slim.xsd"
    xmlns="http://www.loc.gov/MARC21/slim">

  <leader>01567nam a22003017a 4500</leader>
  <controlfield tag="003">NALT</controlfield>
  <controlfield tag="005">20240523092257.0</controlfield>
  <controlfield tag="008">220826b        th ||||| |||| 00| 0 tha d</controlfield>
  <datafield tag="020" ind1=" " ind2=" ">
    <subfield code="a">9786163742711</subfield>
  </datafield>
  <datafield tag="040" ind1=" " ind2=" ">
    <subfield code="a">NALT</subfield>
  </datafield>
  <datafield tag="050" ind1=" " ind2=" ">
    <subfield code="a">HJ 9574.55</subfield>
    <subfield code="b">&#xE14;554&#xE01; 2559</subfield>
  </datafield>
  <datafield tag="100" ind1="0" ind2=" ">
    <subfield code="9">3028</subfield>
    <subfield code="a">&#xE14;&#xE34;&#xE40;&#xE23;&#xE01; &#xE1B;&#xE31;&#xE17;&#xE21;&#xE2A;&#xE34;&#xE23;&#xE34;&#xE27;&#xE31;&#xE12;&#xE19;&#xE4C;</subfield>
  </datafield>
  <datafield tag="245" ind1="1" ind2="0">
    <subfield code="a">&#xE01;&#xE32;&#xE23;&#xE04;&#xE25;&#xE31;&#xE07;&#xE17;&#xE49;&#xE2D;&#xE07;&#xE16;&#xE34;&#xE48;&#xE19; : </subfield>
    <subfield code="b">&#xE01;&#xE32;&#xE23;&#xE02;&#xE22;&#xE32;&#xE22;&#xE10;&#xE32;&#xE19;&#xE23;&#xE32;&#xE22;&#xE44;&#xE14;&#xE49;&#xE41;&#xE25;&#xE30;&#xE25;&#xE14;&#xE04;&#xE27;&#xE32;&#xE21;&#xE40;&#xE2B;&#xE25;&#xE37;&#xE48;&#xE2D;&#xE21;&#xE25;&#xE49;&#xE33; /</subfield>
    <subfield code="c">&#xE14;&#xE34;&#xE40;&#xE23;&#xE01; &#xE1B;&#xE31;&#xE17;&#xE21;&#xE2A;&#xE34;&#xE23;&#xE34;&#xE27;&#xE31;&#xE12;&#xE19;&#xE4C; ... [&#xE41;&#xE25;&#xE30;&#xE04;&#xE19;&#xE2D;&#xE37;&#xE48;&#xE19; &#xE46;].</subfield>
  </datafield>
  <datafield tag="250" ind1=" " ind2=" ">
    <subfield code="a">&#xE1E;&#xE34;&#xE21;&#xE1E;&#xE4C;&#xE04;&#xE23;&#xE31;&#xE49;&#xE07;&#xE17;&#xE35;&#xE48; 2</subfield>
  </datafield>
  <datafield tag="260" ind1=" " ind2=" ">
    <subfield code="a">&#xE01;&#xE23;&#xE38;&#xE07;&#xE40;&#xE17;&#xE1E;&#xE2F; :</subfield>
    <subfield code="b">&#xE1E;&#xE35;.&#xE40;&#xE2D;.&#xE25;&#xE34;&#xE1F;&#xE27;&#xE34;&#xE48;&#xE07;,</subfield>
    <subfield code="c">2559.</subfield>
  </datafield>
  <datafield tag="300" ind1=" " ind2=" ">
    <subfield code="a">201 &#xE2B;&#xE19;&#xE49;&#xE32; :</subfield>
    <subfield code="b">&#xE23;&#xE39;&#xE1B;&#xE20;&#xE32;&#xE1E;, &#xE15;&#xE32;&#xE23;&#xE32;&#xE07; ;</subfield>
    <subfield code="c">24 &#xE0B;&#xE21;.</subfield>
  </datafield>
  <datafield tag="650" ind1=" " ind2="4">
    <subfield code="9">5462</subfield>
    <subfield code="a">&#xE01;&#xE32;&#xE23;&#xE04;&#xE25;&#xE31;&#xE07;&#xE17;&#xE49;&#xE2D;&#xE07;&#xE16;&#xE34;&#xE48;&#xE19;</subfield>
    <subfield code="z">&#xE44;&#xE17;&#xE22;</subfield>
  </datafield>
  <datafield tag="650" ind1=" " ind2="4">
    <subfield code="9">6542</subfield>
    <subfield code="a">&#xE01;&#xE32;&#xE23;&#xE04;&#xE25;&#xE31;&#xE07;&#xE17;&#xE49;&#xE2D;&#xE07;&#xE16;&#xE34;&#xE48;&#xE19;</subfield>
    <subfield code="z">&#xE0D;&#xE35;&#xE48;&#xE1B;&#xE38;&#xE48;&#xE19;</subfield>
  </datafield>
  <datafield tag="650" ind1=" " ind2="4">
    <subfield code="9">54215</subfield>
    <subfield code="a">&#xE40;&#xE07;&#xE34;&#xE19;&#xE2D;&#xE38;&#xE14;&#xE2B;&#xE19;&#xE38;&#xE19;</subfield>
  </datafield>
  <datafield tag="650" ind1=" " ind2="4">
    <subfield code="9">6541</subfield>
    <subfield code="a">&#xE01;&#xE32;&#xE23;&#xE04;&#xE25;&#xE31;&#xE07;&#xE17;&#xE49;&#xE2D;&#xE07;&#xE16;&#xE34;&#xE48;&#xE19;</subfield>
    <subfield code="z">&#xE08;&#xE35;&#xE19;</subfield>
  </datafield>
  <datafield tag="700" ind1="0" ind2=" ">
    <subfield code="9">6543</subfield>
    <subfield code="a">&#xE1E;&#xE34;&#xE0A;&#xE34;&#xE15; &#xE23;&#xE31;&#xE0A;&#xE15;&#xE1E;&#xE34;&#xE1A;&#xE38;&#xE25;&#xE20;&#xE1E;</subfield>
  </datafield>
  <datafield tag="700" ind1="0" ind2=" ">
    <subfield code="9">6544</subfield>
    <subfield code="a">&#xE14;&#xE32;&#xE23;&#xE38;&#xE13;&#xE35; &#xE1E;&#xE38;&#xE48;&#xE21;&#xE41;&#xE01;&#xE49;&#xE27;</subfield>
  </datafield>
  <datafield tag="700" ind1="0" ind2=" ">
    <subfield code="9">6545</subfield>
    <subfield code="a">&#xE1E;&#xE34;&#xE0A;&#xE34;&#xE15;&#xE0A;&#xE31;&#xE22; &#xE01;&#xE34;&#xE48;&#xE07;&#xE1E;&#xE27;&#xE07;</subfield>
  </datafield>
  <datafield tag="850" ind1=" " ind2=" ">
    <subfield code="a">NALT</subfield>
  </datafield>
  <datafield tag="942" ind1=" " ind2=" ">
    <subfield code="c">GB</subfield>
    <subfield code="2">lcc</subfield>
  </datafield>
  <datafield tag="998" ind1=" " ind2=" ">
    <subfield code="a">bijaya</subfield>
    <subfield code="b">phon</subfield>
    <subfield code="c">phon</subfield>
    <subfield code="j">111</subfield>
    <subfield code="k"> &#xE19;&#xE32;&#xE07;&#xE2A;&#xE32;&#xE27;&#xE1E;&#xE08;&#xE1E;&#xE34;&#xE13;  &#xE1E;&#xE23;&#xE21;&#xE40;&#xE2D;&#xE35;&#xE48;&#xE22;&#xE21;</subfield>
  </datafield>
  <datafield tag="999" ind1=" " ind2=" ">
    <subfield code="c">100582</subfield>
    <subfield code="d">100582</subfield>
  </datafield>
  <datafield tag="952" ind1=" " ind2=" ">
    <subfield code="0">0</subfield>
    <subfield code="1">0</subfield>
    <subfield code="2">lcc</subfield>
    <subfield code="4">0</subfield>
    <subfield code="7">0</subfield>
    <subfield code="8">CGBL</subfield>
    <subfield code="a">NALT</subfield>
    <subfield code="b">NALT</subfield>
    <subfield code="c">GEN</subfield>
    <subfield code="d">2022-08-26</subfield>
    <subfield code="l">20</subfield>
    <subfield code="m">17</subfield>
    <subfield code="o">HJ 9574.55 &#xE14;554&#xE01; 2559</subfield>
    <subfield code="p">3961213101</subfield>
    <subfield code="r">2024-06-06 00:00:00</subfield>
    <subfield code="s">2024-05-23</subfield>
    <subfield code="w">2022-08-26</subfield>
    <subfield code="y">GB</subfield>
  </datafield>
</record>
